La relación entre el estrés y la violencia doméstica : conceptualizaciones y hallazgos actuales (Record no. 76011)

MARC details
000 -CABECERA
campo de control de longitud fija 00612nam a2200205 a 4500
005 - FECHA Y HORA DE LA ÚLTIMA TRANSACCIÓN
campo de control 20210219153412.0
008 - ELEMENTOS DE LONGITUD FIJA--INFORMACIÓN GENERAL
campo de control de longitud fija 991125n 000 0 spa u
035 ## - NÚMERO DE CONTROL DEL SISTEMA
Número de control de sistema UPN01000097084
100 ## - ASIENTO PRINCIPAL--NOMBRE PERSONAL
Nombre de persona FARRINGTON, Keith
222 ## - TÍTULO CLAVE
Título clave REVISTA INTERCONTINENTAL DE PSICOLOGIA Y EDUCACION
245 ## - MENCIÓN DE TÍTULO
Título La relación entre el estrés y la violencia doméstica : conceptualizaciones y hallazgos actuales
260 ## - PUBLICACIÓN, DISTRIBUCIÓN, ETC.
Lugar de publicación, distribución, etc. México
300 ## - DESCRIPCIÓN FÍSICA
Extensión 87-103
362 ## - FECHAS DE PUBLICACIÓN Y/O DESIGNACIÓN SECUENCIAL
Fecha de publicación y/o designación secuencial 1991 4, no. 1
653 0# - TERMINO DE INDIZACION - NO CONTROLADO
Término no controlado ESTRES FAMILIAR
653 0# - TERMINO DE INDIZACION - NO CONTROLADO
Término no controlado MALTRATO FISICO
653 0# - TERMINO DE INDIZACION - NO CONTROLADO
Término no controlado VIOLENCIA FAMILIAR
904 ## - ELEMENTOS DE DATOS D LOCAL, LDD (RLIN)
a AC
b 034895
905 ## - TIPO DE MATERIAL
Tipo de material Articulo

No items available.